000 00314 a2200145 4500
001 195369
040 _cMagnum
100 _aMashima, Hiro
240 1 0 _aFairy Tail 8
_l
245 1 0 _aFairy Tail 8
362 0 _a2011
440 1 _aJ.B. Communication do Brasil Ltda
697 _aLITERATURA JUVENIL
942 _cBK
999 _c195369
_d195369